000 00903nam a2200265Ia 4500
003 OSt
005 20221005033320.0
006 a|||||r|||| 00| 0
007 ta
008 221004b |||||||| |||| 00| 0 eng d
020 _a9789387587304 (hbk)
_cINR 5000.00
024 _a41156
037 _bBBS/05, 15/01/2019, Better Book Service
_cTextual
040 _aCRL
_cCRL
_beng
041 _2eng
_aeng
082 _aNA44,8(Q2:45), Q8
100 _aSahai Sachchidanand
245 0 _aHindu temples lost in the forest
_b rediscovering the world heritage sie of ishanapura sambor prei kuk
260 _aDelhi
_bB.R. Publishing Corporation India
_c2018
300 _axxii,382p.
_ccm.
650 _a TEMPLES
_9585996
650 _aHINDU ARCHITECTURE
942 _hNA44,8(Q2:45), Q8
_cTEXL
_2cc
999 _c941338
_d941338